000 00571nam a2200217Ia 4500
003 OSt
005 20220923225805.0
006 a|||||r|||| 00| 0
007 ta
008 Pun
024 _a274,708
037 _cTextual
040 _aARTS
_cARTS
_bPun
041 _2Pun
_aPun
082 _aDelta73wJWA, 153L0
100 _aਸਿੰਘ, ਹਰਭਜਨ, ਥਦ.
245 0 _aFਲੋਕ ਬਾਬਾ ਵਜੀਦ
260 _c1970
942 _hDelta73wJWA, 153L0
_cTEXL
_2CC
999 _c380431
_d380431